[Event "Olympiad-38"]
[Site "Dresden"]
[Date "2008.11.21"]
[Round "8"]
[White "Sano, Tomu"]
[Black "Alfaro Caracas, William"]
[Result "1/2-1/2"]
[WhiteElo "2111"]
[BlackElo "2200"]
[PlyCount "87"]
[EventDate "2008.11.13"]
[EventType "team-swiss"]
[EventRounds "11"]
[EventCountry "GER"]
[SourceTitle "CBM 128"]
[Source "ChessBase"]
[SourceDate "2009.01.28"]
[SourceVersion "1"]
[SourceVersionDate "2009.01.28"]
[SourceQuality "1"]
[WhiteTeam "Japan"]
[BlackTeam "Nicaragua"]
[WhiteTeamCountry "JPN"]
[BlackTeamCountry "NCA"]

1. e4 c5 2. Nf3 d6 3. d4 cxd4 4. Nxd4 Nf6 5. Nc3 g6 6. Be3 Bg7 7. f3 0-0 8. Qd2 Nc6 9. Bc4 Bd7 10. 0-0-0 Rc8 11. Bb3 Nxd4 12. Bxd4 b5 13. Bxa7 b4 14. Nd5 Nxd5 15. exd5 Qa5 16. Bd4 Rxc2+ 17. Bxc2 Qxa2 18. Qe3 Rc8 19. Kd2 Qxd5 20. Ke1 Rxc2 21. Bxg7 Qc4 22. Bh6 Bb5 23. Rd2 Rc1+ 24. Kf2 Rxh1 25. Qxe7 Qf1+ 26. Kg3 Qe1+ 27. Qxe1 Rxe1 28. Rxd6 Re6 29. Rd4 g5 30. Rxb4 Rxh6 31. Rxb5 Rg6 32. Kg4 h6 33. Rb7 Rd6 34. b4 Rd2 35. Kg3 Rb2 36. b5 Rb4 37. b6 Kg7 38. Rb8 Rb2 39. b7 Rb4 40. Kf2 Rb3 41. Ke2 Kh7 42. Kd2 Kg7 43. Kc2 Rb6 44. Kd2 1/2-1/2

[Event "Olympiad-38"]
[Site "Dresden"]
[Date "2008.11.19"]
[Round "6"]
[White "Sano, Tomu"]
[Black "McNab, Colin Anderson"]
[Result "0-1"]
[WhiteElo "2111"]
[BlackElo "2455"]
[PlyCount "64"]
[EventDate "2008.11.13"]
[EventType "team-swiss"]
[EventRounds "11"]
[EventCountry "GER"]
[SourceTitle "CBM 128"]
[Source "ChessBase"]
[SourceDate "2009.01.28"]
[SourceVersion "1"]
[SourceVersionDate "2009.01.28"]
[SourceQuality "1"]
[WhiteTeam "Japan"]
[BlackTeam "Scotland"]
[WhiteTeamCountry "JPN"]
[BlackTeamCountry "SCO"]

1. e4 g6 2. d4 d6 3. Nc3 Bg7 4. f4 Nf6 5. Nf3 0-0 6. Be3 Nbd7 7. Qd2 c5 8. dxc5 Nxc5 9. e5 Ng4 10. Bg1 b6 11. 0-0-0 Bb7 12. h3 Nh6 13. Qe1 Rc8 14. h4 Qc7 15. h5 Na4 16. Bd4 Nf5 17. hxg6 hxg6 18. exd6 exd6 19. Bxg7 Kxg7 20. Bd3 Nxc3 21. bxc3 Rfe8 22. Qd2 Bxf3 23. gxf3 Qxc3 24. Qxc3+ Rxc3 25. Bxf5 gxf5 26. Rxd6 Re2 27. Rg1+ Kf8 28. Rd8+ Ke7 29. Rgg8 Rcxc2+ 30. Kb1 Rb2+ 31. Kc1 Rxa2 32. Rc8 Ra1# 0-1

[Event "Kuala Lumpur op 5th"]
[Site "Kuala Lumpur"]
[Date "2008.08.23"]
[Round "9"]
[White "Sano, Tomu"]
[Black "Bancod, Ronald"]
[Result "0-1"]
[WhiteElo "2102"]
[BlackElo "2375"]
[PlyCount "80"]
[EventDate "2008.08.18"]
[EventType "swiss"]
[EventRounds "11"]
[EventCountry "MAS"]
[SourceTitle "CBM 126 Extra"]
[Source "ChessBase"]
[SourceDate "2008.11.05"]
[SourceVersion "1"]
[SourceVersionDate "2008.11.05"]
[SourceQuality "1"]

1. e4 e5 2. Nf3 Nc6 3. Bb5 a6 4. Ba4 Nf6 5. 0-0 Be7 6. Re1 b5 7. Bb3 d6 8. c3 0-0 9. h3 Bb7 10. d4 Re8 11. Nbd2 Bf8 12. d5 Na5 13. Bc2 c6 14. b4 Nc4 15. Nxc4 bxc4 16. dxc6 Bxc6 17. Bg5 a5 18. a4 h6 19. Bxf6 Qxf6 20. b5 Bd7 21. Nh2 Rac8 22. Re3 Rc5 23. Ng4 Qh4 24. Rg3 Kh8 25. Qf3 Be6 26. Rd1 Rb8 27. Ne3 g6 28. Rd2 h5 29. Qd1 Rb7 30. Qf3 Qf4 31. Qd1 Qh4 32. Qf3 Rb8 33. Qd1 Rb6 34. Nd5 Rb7 35. Ne3 Rd7 36. Qf3 Bh6 37. Qe2 Bf4 38. Rf3 Qd8 39. g3 Bh6 40. Rd1 Bxh3 0-1

[Event "Olympiad-37"]
[Site "Turin"]
[Date "2006.06.03"]
[Round "12"]
[White "Sano, Tomu"]
[Black "Mollah Abdullah, Al Rakib"]
[Result "1/2-1/2"]
[WhiteElo "2114"]
[BlackElo "2484"]
[PlyCount "72"]
[EventDate "2006.05.21"]
[EventType "team-swiss"]
[EventRounds "13"]
[EventCountry "ITA"]
[SourceTitle "CBM 113"]
[Source "ChessBase"]
[SourceDate "2006.07.31"]
[SourceVersion "1"]
[SourceVersionDate "2006.07.31"]
[SourceQuality "1"]
[WhiteTeam "Japan"]
[BlackTeam "Bangladesh"]
[WhiteTeamCountry "JPN"]
[BlackTeamCountry "BAN"]

1. e4 e5 2. Nf3 Nc6 3. Bb5 a6 4. Ba4 Nf6 5. 0-0 Be7 6. Re1 b5 7. Bb3 d6 8. c3 0-0 9. h3 Na5 10. Bc2 c5 11. d4 Qc7 12. Nbd2 cxd4 13. cxd4 Nc6 14. Nb3 a5 15. Be3 a4 16. Nbd2 Bd7 17. Rc1 Qb7 18. Nf1 Rfe8 19. Ng3 Bd8 20. Qe2 h6 21. Bb1 Rb8 22. dxe5 dxe5 23. Nh4 g6 24. Nf3 Kh7 25. Red1 Bb6 26. Rd6 Re6 27. Rd3 Na5 28. Rcd1 Bxe3 29. Qxe3 Nc4 30. Qe2 Bc6 31. Rc3 Na5 32. Bd3 Qb6 33. h4 Nb7 34. h5 Nc5 35. hxg6+ fxg6 36. Bb1 Ncd7 1/2-1/2

[Event "Olympiad-37"]
[Site "Turin"]
[Date "2006.06.02"]
[Round "11"]
[White "Yahya, Mohamed Saleh"]
[Black "Sano, Tomu"]
[Result "1/2-1/2"]
[WhiteElo "2180"]
[BlackElo "2114"]
[PlyCount "114"]
[EventDate "2006.05.21"]
[EventType "team-swiss"]
[EventRounds "13"]
[EventCountry "ITA"]
[SourceTitle "CBM 113"]
[Source "ChessBase"]
[SourceDate "2006.07.31"]
[SourceVersion "1"]
[SourceVersionDate "2006.07.31"]
[SourceQuality "1"]
[WhiteTeam "United Arab Emirates"]
[BlackTeam "Japan"]
[WhiteTeamCountry "UAE"]
[BlackTeamCountry "JPN"]

1. d4 Nf6 2. c4 c5 3. d5 e6 4. Nc3 exd5 5. cxd5 d6 6. Nf3 g6 7. h3 Bg7 8. Bf4 0-0 9. e3 Na6 10. Be2 Rb8 11. 0-0 Nc7 12. a4 a6 13. a5 b5 14. axb6 Rxb6 15. Rb1 Re8 16. Bc4 Rb4 17. b3 Nh5 18. Na2 Rb8 19. Bh2 a5 20. Qd2 Na6 21. Nc3 Nb4 22. Nb5 Rb6 23. Rfe1 Nf6 24. Rbc1 Ne4 25. Qe2 Bd7 26. Na3 a4 27. bxa4 Bxa4 28. Nb1 Qa8 29. Nfd2 Nxd5 30. Nxe4 Rxe4 31. Qf3 Nf6 32. Nc3 Re8 33. Nd5 Nxd5 34. Bxd5 Qa7 35. Rb1 Reb8 36. Rxb6 Rxb6 37. Bg3 h5 38. Qe4 Kh7 39. Bxf7 Qxf7 40. Qxa4 c4 41. Rd1 d5 42. Qa5 Rc6 43. Rxd5 c3 44. Qb5 Qe6 45. Rc5 Rc8 46. e4 c2 47. Bf4 Rxc5 48. Qxc5 Qxe4 49. Be3 Qd3 50. Qc7 Qf5 51. Kf1 g5 52. Bxg5 Qxg5 53. Qxc2+ Kh6 54. Qc6+ Qf6 55. Qxf6+ Bxf6 56. g4 h4 57. f4 Bb2 1/2-1/2

[Event "Olympiad-37"]
[Site "Turin"]
[Date "2006.05.30"]
[Round "9"]
[White "Kantinti, Shaddrack"]
[Black "Sano, Tomu"]
[Result "0-1"]
[WhiteElo "2152"]
[BlackElo "2114"]
[PlyCount "104"]
[EventDate "2006.05.21"]
[EventType "team-swiss"]
[EventRounds "13"]
[EventCountry "ITA"]
[SourceTitle "CBM 113"]
[Source "ChessBase"]
[SourceDate "2006.07.31"]
[SourceVersion "1"]
[SourceVersionDate "2006.07.31"]
[SourceQuality "1"]
[WhiteTeam "Uganda"]
[BlackTeam "Japan"]
[WhiteTeamCountry "UGA"]
[BlackTeamCountry "JPN"]

1. e4 e5 2. Nf3 Nc6 3. Bb5 a6 4. Ba4 Nf6 5. 0-0 Nxe4 6. d4 b5 7. Bb3 d5 8. dxe5 Be6 9. c3 Bc5 10. Bc2 0-0 11. Nbd2 Nxf2 12. Rxf2 f6 13. Nb3 Bxf2+ 14. Kxf2 fxe5 15. Kg1 Bg4 16. h3 Bxf3 17. gxf3 Kh8 18. Be3 Qh4 19. Kg2 Rad8 20. Bf2 Qg5+ 21. Bg3 e4 22. fxe4 dxe4 23. Qg4 Rd2+ 24. Nxd2 Qxd2+ 25. Kg1 Qxc2 26. Re1 Qxb2 27. Qxe4 Qxc3 28. Re3 Qf6 29. Kg2 h6 30. Rf3 Qxf3+ 31. Qxf3 Rxf3 32. Kxf3 Kg8 33. Ke4 Kf7 34. a3 Ke6 35. Bxc7 a5 36. Bb6 b4 37. a4 b3 38. Kd3 Ne5+ 39. Kc3 b2 40. Kc2 Nc4 41. Bd4 g5 42. Bxb2 Nxb2 43. Kxb2 Kd5 44. Kc3 Kc5 45. Kd3 Kb4 46. Ke4 Kxa4 47. Kf5 Kb3 48. Kg6 a4 49. Kxh6 a3 50. Kxg5 a2 51. h4 a1Q 52. h5 Qg7+ 0-1